| 000 | 01361nam a22004097a 4500 | ||
|---|---|---|---|
| 003 | CHAP | ||
| 005 | 20220817044129.0 | ||
| 008 | 061026d2003 it ad rn 00110 fre d | ||
| 010 | _a92941 | ||
| 011 | _a93913 | ||
| 020 | _a9252046844 | ||
| 035 | _a104496 | ||
| 040 | _cCHAP | ||
| 090 | _aFolleto 16902f | ||
| 110 | 2 | _aFAO | |
| 245 | 1 | 0 |
_aGuide d'identification des contraintes de terrain à la production de riz _c/par R.C. Chaudhary, J.S. Nanda y D.V. Tran |
| 260 |
_aRome : _bFAO, _c2003 |
||
| 300 |
_a79 p. : _bilus. ; graf. ; tablas |
||
| 590 |
_aBATCH-UPD _b10 _c20130110 _lUCH01 _h0021 |
||
| 590 |
_aBATCH-UPD _b10 _c20130110 _lUCH01 _h0534 |
||
| 590 |
_aBATCH-UPD _b10 _c20130110 _lUCH01 _h2339 |
||
| 590 |
_aBATCH-UPD _b10 _c20130409 _lUCH01 _h2000 |
||
| 590 |
_aBATCH-UPD _b10 _c20130410 _lUCH01 _h0504 |
||
| 590 |
_aBATCH-UPD _b10 _c20130914 _lUCH01 _h0404 |
||
| 590 |
_aCONVERSION _b10 _c20130109 _lUCH01 _h1351 |
||
| 650 | 1 | 4 |
_aArroz _xCostos de producción. _97586 |
| 650 | 1 | 4 |
_aArroz _xInvestigación. _97624 |
| 650 | 1 | 4 |
_aArroz _xMejoramiento. _97631 |
| 650 | 1 | 4 |
_aArroz _xRendimiento. _97651 |
| 700 | 0 |
_aChaudhary, R.C. _922023 |
|
| 700 | 0 |
_aNanda, J.S. _980108 |
|
| 700 | 0 |
_aTran, D.V. _9114611 |
|
| 901 | _aBK | ||
| 905 | _aMarco A. Mendoza T. | ||
| 942 | _cFOLL | ||
| 949 |
_aFolleto 16902f _bBC _cFAO _d33724002008108 _eFAO1 _gDonaciØn _i104496 _sb |
||
| 999 |
_c92941 _d92941 |
||